| 000 | 01715nam a2200253Ia 4500 | ||
|---|---|---|---|
| 008 | 260220t1975||||xx |||||||||||||| ||spa|| | ||
| 020 | _a8472890260 | ||
| 040 |
_aPY-SlUNAC _bspa _erda |
||
| 041 | _aspa | ||
| 082 |
_a790.1 _bL733a |
||
| 100 |
_aLimbos, Edward _eAutor |
||
| 245 | 0 |
_aEl animador y el grupo de jóvenes / _cpor Edward Limbos [Autor] |
|
| 264 |
_aMadrid : _bOriens, _c℗1975. |
||
| 300 | _a1 volumen | ||
| 520 | _aEn "El animador y el grupo de jóvenes", Edward Limbos aborda la dinámica de interacción entre un animador y un grupo de jóvenes, explorando cómo se pueden facilitar procesos de desarrollo personal y social a través de actividades grupales. El autor enfatiza la importancia del rol del animador como facilitador, quien debe ser capaz de crear un ambiente de confianza y comunicación abierta, lo que permite a los jóvenes expresarse y explorar sus ideas y emociones. Limbos presenta diversas técnicas y metodologías que el animador puede utilizar para fomentar la participación activa y el trabajo en equipo, así como para abordar conflictos y promover la cohesión del grupo. A través de ejemplos prácticos y reflexiones teóricas, el libro ofrece una guía valiosa para educadores, líderes juveniles y profesionales del ámbito social, destacando la relevancia de la animación en el crecimiento integral de los jóvenes y su capacidad para transformar experiencias grupales en aprendizajes significativos. | ||
| 653 | _aAnimación | ||
| 653 | _aEducación no formal | ||
| 653 | _aJuventud | ||
| 942 |
_b2026/02/17 _cBK |
||
| 999 |
_c8883 _d8883 |
||